| 000 | 01710nam a2200409 c 4500 | ||
|---|---|---|---|
| 003 | BLK | ||
| 005 | 20231222143924.0 | ||
| 008 | 180409b bul|||||r ||||||| ||bul|| | ||
| 010 | _aKNG00111041000 | ||
| 020 |
_a954-771-063-Х _bиздат.: Кръгозор |
||
| 040 | _aBLK | ||
| 041 |
_aBUL _cBUL |
||
| 080 |
_aШпионаж. Политическо влияние чрез тайни (разузнавателни) служби _b327.84 _x(73) _z327.84(73) |
||
| 080 |
_aПсихология _b159.9 _x(73) _z159.9(73) |
||
| 100 | 1 |
_aВикториян, Армен _eпърви автор _948062 |
|
| 700 | 1 |
_aСтефанова, Пенка _eпрев. от англ. _9364745 |
|
| 700 | 1 |
_aНалбантов, Илия _eконсултант _9310392 |
|
| 139 |
_aВикториян, Армен _bВ 58 |
||
| 245 | 1 | 0 |
_aКонтрол върху съзнанието _cАрмен Викториян; прев. от англ. Пенка Стефанова; консултант Илия Налбантов. |
| 257 | _aGBR | ||
| 260 |
_аСофия _bКръгозор _c2004 |
||
| 300 |
_a216 с. _c21 см |
||
| 380 | _a3 | ||
| 500 | _aОриг. загл. Mild controllers / Ar;en Victorian. - Библиогр. 214-215 | ||
| 504 | _a214-215 | ||
| 650 | 4 |
_aПсихични процеси _9261643 |
|
| 650 | 4 |
_aРазузнаване _9168859 |
|
| 650 | 4 |
_aПсихология, експериментална _9267613 |
|
| 653 | _aразузнаване | ||
| 653 | _aпсихика | ||
| 852 | _aЦб 218072 | ||
| 856 | 4 |
_qpdf _u |
|
| 856 | 4 |
_qpdf _u |
|
| 942 |
_cKNG _n0 _02 |
||
| 944 |
_aCR _c16.02.2004 _k30531 _lЦветелина Шанова |
||
| 944 |
_aED _c16.03.2007 _k |
||
| 999 |
_c105804 _d105804 |
||